| 000 | 00376nam a2200145Ia 4500 | ||
|---|---|---|---|
| 008 | 230411s9999 xx 000 0 und d | ||
| 020 | _a978-93-5465-461-9 | ||
| 041 | _aeng | ||
| 082 | _aF/610.73/CLE/B09851 | ||
| 100 |
_aClement I _9119826 |
||
| 245 | _aNursing Foundation - I | ||
| 260 |
_bJaypee Brothers _aNew Delhi _c2022 |
||
| 300 | _a572p | ||
| 999 |
_c158697 _d158697 |
||